Goodman and Gilman's manual of pharmacology and therapeutics / (Record no. 21775)
[ view plain ]
| 000 -LEADER | |
|---|---|
| fixed length control field | 02073cam a22004215a 4500 |
| 001 - CONTROL NUMBER | |
| control field | 17557279 |
| 005 - DATE AND TIME OF LATEST TRANSACTION | |
| control field | 20160518120820.0 |
| 008 - FIXED-LENGTH DATA ELEMENTS--GENERAL INFORMATION | |
| fixed length control field | 121205t2014 nyua frf 001 0 eng d |
| 010 ## - LIBRARY OF CONGRESS CONTROL NUMBER | |
| LC control number | 2012048756 |
| 020 ## - INTERNATIONAL STANDARD BOOK NUMBER | |
| International Standard Book Number | 9780071769174 (pbk. : acid-free paper) |
| 020 ## - INTERNATIONAL STANDARD BOOK NUMBER | |
| International Standard Book Number | 007176917X (pbk. : acid-free paper) |
| 020 ## - INTERNATIONAL STANDARD BOOK NUMBER | |
| International Standard Book Number | 9780071792882 |
| 020 ## - INTERNATIONAL STANDARD BOOK NUMBER | |
| International Standard Book Number | 0071792880 |
| 035 ## - SYSTEM CONTROL NUMBER | |
| System control number | (DNLM)101597205 |
| 040 ## - CATALOGING SOURCE | |
| Original cataloging agency | DNLM/DLC |
| Language of cataloging | eng |
| Transcribing agency | DLC |
| Modifying agency | DLC |
| -- | EG-ScBUE |
| 082 04 - DEWEY DECIMAL CLASSIFICATION NUMBER | |
| Classification number | 615.1078 |
| Item number | GOO |
| Edition number | 22 |
| 245 00 - TITLE STATEMENT | |
| Title | Goodman and Gilman's manual of pharmacology and therapeutics / |
| Statement of responsibility, etc | editors Randa Hilal-Dandan, Laurence L. Brunton. |
| 246 33 - VARYING FORM OF TITLE | |
| Title proper/short title | Manual of pharmacology and therapeutics |
| 250 ## - EDITION STATEMENT | |
| Edition statement | 2nd ed., International ed. |
| 260 ## - PUBLICATION, DISTRIBUTION, ETC. (IMPRINT) | |
| Place of publication, distribution, etc | New York : |
| Name of publisher, distributor, etc | McGraw-Hill Education, |
| Date of publication, distribution, etc | c.2014. |
| 300 ## - PHYSICAL DESCRIPTION | |
| Extent | vii, 1206 p. : |
| Other physical details | ill. (col.) ; |
| Dimensions | 23 cm. |
| 500 ## - GENERAL NOTE | |
| General note | Rev. ed. of: the Goodman and Gilman's manual of pharmacological therapeutics / [edited] by Laurence L. Brunton ... [et al.]. 2007. |
| 500 ## - GENERAL NOTE | |
| General note | Companion v. to: Goodman & Gilman's the pharmacological basis of therapeutics. 12th ed. 2011. |
| 500 ## - GENERAL NOTE | |
| General note | Index : p. [1177]-1206. |
| 520 ## - SUMMARY, ETC. | |
| Summary, etc | Offers coverage of class-specific and disease-specific drugs, organized primarily by organ/system. Derived from Goodman & Gilman's Pharmacological Basis of Therapeutics, Twelfth Edition, this text focuses on the principles of medical pharmacology and drug therapy and delivers coverage of all major drug classes. |
| 650 #0 - SUBJECT ADDED ENTRY--TOPICAL TERM | |
| Topical term or geographic name as entry element | Pharmacology |
| Form subdivision | Handbooks, manuals, etc. |
| Source of heading or term | BUEsh |
| 650 #0 - SUBJECT ADDED ENTRY--TOPICAL TERM | |
| Topical term or geographic name as entry element | Therapeutics |
| Form subdivision | Handbooks, manuals, etc. |
| Source of heading or term | BUEsh |
| 650 #0 - SUBJECT ADDED ENTRY--TOPICAL TERM | |
| Topical term or geographic name as entry element | Pharmacological Phenomena. |
| Form subdivision | Handbooks, manuals, etc. |
| Source of heading or term | BUEsh |
| 651 ## - SUBJECT ADDED ENTRY--GEOGRAPHIC NAME | |
| Source of heading or term | BUEsh |
| 653 ## - INDEX TERM--UNCONTROLLED | |
| Resource For college | Pharmacy |
| Arrived date list | May2016 |
| 700 1# - ADDED ENTRY--PERSONAL NAME | |
| Personal name | Hilal-Dandan, Randa. |
| 9 (RLIN) | 40019 |
| 700 1# - ADDED ENTRY--PERSONAL NAME | |
| Personal name | Brunton, Laurence L. |
| 9 (RLIN) | 40020 |
| 700 1# - ADDED ENTRY--PERSONAL NAME | |
| Personal name | Goodman, Louis S. |
| Fuller form of name | (Louis Sanford), |
| Dates associated with a name | 1906-2000. |
| 9 (RLIN) | 40021 |
| 700 1# - ADDED ENTRY--PERSONAL NAME | |
| Personal name | Gilman, Alfred, |
| Dates associated with a name | 1908-1984. |
| 9 (RLIN) | 40024 |
| 730 0# - ADDED ENTRY--UNIFORM TITLE | |
| Uniform title | Goodman and Gilman's manual of pharmacological therapeutics. |
| 730 0# - ADDED ENTRY--UNIFORM TITLE | |
| Uniform title | Goodman & Gilman's the pharmacological basis of therapeutics. |
| 942 ## - ADDED ENTRY ELEMENTS (KOHA) | |
| Source of classification or shelving scheme | Dewey Decimal Classification |
| Withdrawn status | Item status | Source of classification or shelving scheme | Damaged status | Not for loan | Vendor | Home library | Current library | Shelving location | Date acquired | Source of acquisition | Cost, normal purchase price | Serial Enumeration / chronology | Total Checkouts | Full call number | Barcode | Date last seen | Cost, replacement price | Koha item type |
|---|---|---|---|---|---|---|---|---|---|---|---|---|---|---|---|---|---|---|
| Dewey Decimal Classification | Alahram | Central Library | Central Library | Ground Floor | 18/05/2016 | Purchase | 233.00 | 3 | 615.1078 GOO | 000032541 | 15/07/2025 | 291.25 | Reference (NB) |